| 000 | 00952nam a22002537a 4500 | ||
|---|---|---|---|
| 003 | BPGM | ||
| 008 | 260618b2006 mx ||||| |||| 001 0 spa d | ||
| 020 | _a970-771-007-1 | ||
| 040 |
_aBPGM _bspa |
||
| 041 |
_aspa _hspa |
||
| 082 | 0 | 4 |
_22006 _aCQ 861M / _bV37529/ V36 |
| 100 | _aVEGA REAL, GABRIEL | ||
| 245 | _aEL VENDEDOR DE POEMAS | ||
| 260 |
_aQUERETARO ; _bINSTITUTO QUERETANO DE LA CULTURA Y LAS ARTES , _c2006 . |
||
| 300 |
_a59 _c22.2 cm x 10.3 cm |
||
| 336 |
_2rdacontent _atexto _btxt |
||
| 337 |
_2rdamedia _asin mediación _bn |
||
| 338 |
_2rdacarrier _avolumen _bnc |
||
| 505 | _aEL VENDEDOR DE POEMAS ES UNA METÁFORA SOBRE LA RESISTENCIA DE LOS SENTIMIENTOS ANTE LA INDIFERENCIA DEL MUNDO INDUSTRIALIZADO, RECORDÁNDONOS QUE SIEMPRE HABRÁ ESPACIO PARA LA POESÍA EN EL CORAZÓN HUMANO. | ||
| 650 | _aLITERATURA Y RETÓRICA | ||
| 650 | _2LITERATURAS ESPAÑOLA Y PORTUGUESA | ||
| 650 | _aPOESÍA ESPAÑOLA | ||
| 942 |
_2ddc _cCOLQ |
||
| 999 |
_c68643 _d68643 |
||